000
00255nam a22001097a 4500
008
170125b xxu||||| |||| 00| 0 eng d
020
_a
9780803611191
041
_a
eng
080
_a
618.2
245
_a
ADVANCED PRACTICE NURSING
_c
JOEL, L.A
942
_2
udc
_c
BK
999
_c
3629
_d
3629